000 02075cam a22006014i 4500
003 PE-LiUPU
005 20250731170451.0
008 150706s2009 mx rb 000 0 spa d
020 _a6071701856
020 _a9786071701855
035 _a(Sirsi) i9786071701855
040 _aPE-LiUPU
_bspa
_cPE-LiUPU
_dPE-LiUPU
_erda
049 _aPRUA
082 0 4 _a109
_bV35
_221
100 1 _aVasconcelos, José,
_eautor.
245 1 0 _aHistoria del pensamiento filosófico /
_cJosé Vasconcelos.
264 1 _aMéxico :
_bTrillas,
_c2009.
300 _a418 páginas ;
_c23 centímetros
336 _atext
_2rdacontent
337 _aunmediated
_2rdamedia
338 _avolume
_2rdacarrier
504 _aIncluye bibliografía.
505 0 _aLas maneras del pensamiento filosófico -- Historia de la filosofía -- Filosofía de la India -- Filosofía China -- El pensamiento en Egipto -- El pensamiento en Judea -- Filosofía griega -- La filosofía cristiana -- Filosofía medieval -- Del renacimiento a las direcciones contemporáneas.
526 _aSEG68
526 _aSEG70
526 _aSEG69
526 _aSEG67
526 _aSEG43
526 _aP144
526 _aP143
526 _aP131
526 _aP122
526 _aP120
526 _aP117
526 _aP112
526 _aP110
526 _aP106
526 _aP101
526 _aP80
526 _aP59
526 _aP54
526 _aP35
526 _aP33
526 _aP30
541 _g015-0012181;
650 0 4 _aFilosofía
_xHistoria.
910 _agl
_bjv
_clch
_d20101207
942 _2ddc
_cBOOK
949 _a109 V35
_wDEWEY
_c1
_i62341
_lCCODEBUL1
_mBUL
_p59.00
_r0
_sY
_tBOOK
_u2015-7-6
_xSALUD
_PP22
_0COMPRA
_o.STAFF. Colección Ciencias de la Salud
994 _aC0
_bPEPRU
596 _a1
999 _a109 V35
_wDEWEY
_c51386
_i62341
_d51386
_e2018-9-18
_f2021-11-3
_g5
_lCCODEBUL1
_mBUL
_n3
_p59.00
_q3
_r0
_sY
_tBOOK
_u2015-7-6
_xSALUD
_zP22
_0COMPRA
_o.STAFF. Colección Ciencias de la Salud
980 _81
_gALBERTO SANCHEZ Responsable de Automatización